<?xml version="1.0" encoding="UTF-8"?><?xml-stylesheet type="text/xsl" href="static/style.xsl"?><OAI-PMH xmlns="http://www.openarchives.org/OAI/2.0/" xmlns:xsi="http://www.w3.org/2001/XMLSchema-instance" xsi:schemaLocation="http://www.openarchives.org/OAI/2.0/ http://www.openarchives.org/OAI/2.0/OAI-PMH.xsd"><responseDate>2026-04-14T18:24:47Z</responseDate><request verb="GetRecord" identifier="oai:uvadoc.uva.es:10324/8335" metadataPrefix="marc">https://uvadoc.uva.es/oai/request</request><GetRecord><record><header><identifier>oai:uvadoc.uva.es:10324/8335</identifier><datestamp>2021-07-06T08:48:19Z</datestamp><setSpec>com_10324_38</setSpec><setSpec>col_10324_852</setSpec></header><metadata><record xmlns="http://www.loc.gov/MARC21/slim" xmlns:doc="http://www.lyncode.com/xoai" xmlns:xsi="http://www.w3.org/2001/XMLSchema-instance" xmlns:dcterms="http://purl.org/dc/terms/" xsi:schemaLocation="http://www.loc.gov/MARC21/slim http://www.loc.gov/standards/marcxml/schema/MARC21slim.xsd">
<leader>00925njm 22002777a 4500</leader>
<datafield tag="042" ind1=" " ind2=" ">
<subfield code="a">dc</subfield>
</datafield>
<datafield tag="720" ind1=" " ind2=" ">
<subfield code="a">Ortega Encinas, Natalia</subfield>
<subfield code="e">author</subfield>
</datafield>
<datafield tag="260" ind1=" " ind2=" ">
<subfield code="c">2014</subfield>
</datafield>
<datafield tag="520" ind1=" " ind2=" ">
<subfield code="a">El presente Trabajo de Fin de Grado aborda una propuesta de intervención dentro de la&#xd;
Educación Musical en la que se desarrolla el Ritmo y la Expresión Corporal de una manera&#xd;
conjunta. El objetivo a lograr es que los alumnos desarrollen unas cualidades rítmicas a&#xd;
través de su propia intervención y el paulatino descubrimiento de su propio cuerpo. La&#xd;
metodología que se pretende llevar a cabo es de carácter participativo y activo tanto por&#xd;
parte de los alumnos como del profesorado, dejando al lado los libros de texto para hacer&#xd;
una clase de música tanto divertida como productiva.&#xd;
Tras hacer un estudio del Rittmo y la Expresión Corporal por separado, se trabajarán de&#xd;
forma conjunta siguiendo el modelo de Dalcroze.</subfield>
</datafield>
<datafield tag="024" ind2=" " ind1="8">
<subfield code="a">http://uvadoc.uva.es/handle/10324/8335</subfield>
</datafield>
<datafield ind1=" " ind2=" " tag="653">
<subfield code="a">[Pendiente de asignar]</subfield>
</datafield>
<datafield tag="245" ind1="0" ind2="0">
<subfield code="a">Desarrollo de la expresión corporal y el ritmo en los primeros años de Educación Primaria</subfield>
</datafield>
</record></metadata></record></GetRecord></OAI-PMH>